000 00301nam a22001337a 4500
008 170503b xxu||||| |||| 00| 0 eng d
020 _a0538802340
041 _aeng
080 _a342
100 _a13
101 _aSHJ
245 _aBUSINESS LAW PRINCIPLES CASES
_cANDERSON.R.A
942 _2udc
_cBK
999 _c12540
_d12540